Proyecto de tratado por el que se instituye una Constitución para Europa. Presentado al Consejo Europeo reunido en Salónica. 20 de junio de 2003.
Αποθηκεύτηκε σε:
| Συγγραφή απο Οργανισμό/Αρχή: | |
|---|---|
| Μορφή: | Βιβλίο |
| Γλώσσα: | Ισπανικά |
| Έκδοση: |
Luxemburgo, Luxemburgo:
Oficina de Publicaciones Oficiales de las Comunidades Europeas,
2003.
|
| Θέματα: | |
| Ετικέτες: |
Προσθήκη ετικέτας
Δεν υπάρχουν, Καταχωρήστε ετικέτα πρώτοι!
|
MARC
| LEADER | 00000nam a2200000 a 4500 | ||
|---|---|---|---|
| 001 | UCL2990 | ||
| 003 | CL-VaPUC | ||
| 005 | 20211217120145.0 | ||
| 008 | 031114e20030000LU |||||||||||||||||spa|d | ||
| 999 | |c 306145 |d 306143 | ||
| 020 | |a 92-78-40167-6 | ||
| 040 | |c Pontificia Universidad Católica de Valparaíso | ||
| 082 | 0 | 4 | |a 342.4 COM 2003 |2 21 |
| 110 | 2 | |a Comunidades Europeas |e autor |9 480228 | |
| 245 | 1 | 0 | |a Proyecto de tratado por el que se instituye una Constitución para Europa. |b Presentado al Consejo Europeo reunido en Salónica. 20 de junio de 2003. |
| 260 | |a Luxemburgo, Luxemburgo: |b Oficina de Publicaciones Oficiales de las Comunidades Europeas, |c 2003. | ||
| 300 | |a 167 páginas. | ||
| 500 | |a c.3 Donación Familia Prof. Alejandro Guzmán Brito. | ||
| 583 | |a last modification |c 20031114 00:00:00 |k Rodrigo Vera | ||
| 650 | 0 | |a Constitución política |9 336925 | |
| 650 | 0 | |a Derecho constitucional |9 222588 | |
| 651 | 0 | |a Europa |9 255156 | |
| 942 | |c BK |2 ddc | ||
| 945 | |d 20031114 00:00:00 |a rbrito | ||
| 952 | |0 0 |1 0 |4 0 |6 342_400000000000000_COM_2003 |7 0 |8 A |9 370911 |a BIBDER |b BIBDER |d 2019-11-21 |i 3958949 |o 342.4 COM 2003 |p 3958949 |r 2023-01-25 |w 2019-11-21 |y BK |k DER | ||